00381nam a2200097 a 4500008004100000050001400041100002400055245009000079246010500169350000900274120416s9999 xx |||||||||||||| || u aU 815 Mil aBrauch, Hans Gunter10aMilitary technology, armaments dynamics and disarmamentcedited by Hans Gunter Brauch aABC weapons, military use of nuclear energy and of outer space and implications for international la a0.00